Закон джунглей: способы выживания: роман

Bibliographische Detailangaben
1. Verfasser: Барбакару А. И. Анатолий Иванович
Zusammenfassung:Сейчас, наверное, нет ни одного человека, который хотя бы раз не попал в криминальную ситуацию. Будь то квартирная кража или проигрыш в карты, кража автомобиля или простое уличное хулиганство — на душе всегда остается неприятный осадок, а в карманах неприятная пустота. Как избежать подобных ситуаций? Как выйти из них с наименьшими моральными и материальными потерями? Что делать, если тебя все-таки ограбили или побили? В этом с помощью своих бывших «коллег по цеху» пробует разобраться бывший карточный шулер. В этой книге вы най -дете множество эксклюзивных советов, которые дают отбывающие наказание карманники, грабители, хулиганы и др., знающие о мире криминала с обратной стороны.
Sprache:Russisch
Veröffentlicht: Москва, ЭКСМО, 2004
Schriftenreihe:Записки шулера
Schlagworte:
Format: MixedMaterials Buch
KOHA link:https://koha.lib.tpu.ru/cgi-bin/koha/opac-detail.pl?biblionumber=94199

MARC

LEADER 00000nam0a2200000 4500
001 94199
005 20231031105539.0
010 |a 5699045422 
021 |a RU  |b 04-32340  |9 04-1626 
035 |a (RuTPU)RU\TPU\book\100891 
090 |a 94199 
100 |a 20060407d2004 m y0rusy5002 ca 
101 0 |a rus 
102 |a RU 
105 |a y z 000ay 
200 1 |a Закон джунглей: способы выживания  |e роман  |f А. И. Барбакару 
210 |a Москва  |c ЭКСМО  |d 2004 
215 |a 378,[2] с. 
225 1 |a Записки шулера 
330 |a Сейчас, наверное, нет ни одного человека, который хотя бы раз не попал в криминальную ситуацию. Будь то квартирная кража или проигрыш в карты, кража автомобиля или простое уличное хулиганство — на душе всегда остается неприятный осадок, а в карманах неприятная пустота. Как избежать подобных ситуаций? Как выйти из них с наименьшими моральными и материальными потерями? Что делать, если тебя все-таки ограбили или побили? В этом с помощью своих бывших «коллег по цеху» пробует разобраться бывший карточный шулер. В этой книге вы най -дете множество эксклюзивных советов, которые дают отбывающие наказание карманники, грабители, хулиганы и др., знающие о мире криминала с обратной стороны. 
610 1 |a мошенничество 
610 1 |a детективные романы 
610 1 |a русская литература 
675 |a Р2  |v 3  |z rus 
700 1 |a Барбакару  |b А. И.  |g Анатолий Иванович  |4 070 
801 0 |a RU  |b RKP  |c 20040702  |g PSBO 
801 1 |a RU  |b 63413507  |c 20060407  |g PSBO 
801 2 |a RU  |b 63413507  |c 20060503  |g PSBO 
942 |c BK